[Event "Medellin Antioquia-ch"]
[Site "Medellin"]
[Date "2024.05.04"]
[Round "5"]
[White "Betancur Alvarez, Sara Maria"]
[Black "Ramirez Montoya, Jorge A"]
[Result "0-1"]
[WhiteElo "1687"]
[BlackElo "1825"]
[PlyCount "66"]
[EventDate "2024.05.01"]
[EventType "swiss"]
[EventRounds "7"]
[EventCountry "COL"]
[SourceTitle "CB20_2024"]
[SourceDate "2024.05.16"]
[SourceVersion "1"]
[SourceVersionDate "2024.05.16"]
[SourceQuality "1"]

1. e4 c5 2. c4 g6 3. d3 Bg7 4. g3 Nc6 5. Bg2 Nf6 6. Ne2 0-0 7. 0-0 d6 8. h3 Bd7 9. Nbc3 Nd4 10. Nxd4 cxd4 11. Ne2 e5 12. f4 Qc8 13. Kh2 Ne8 14. Qb3 b5 15. cxb5 Rb8 16. a4 a6 17. b6 Be6 18. Qb4 Qc2 19. Qd2 Qxd2 20. Bxd2 Rxb6 21. Rab1 Bb3 22. fxe5 Bc2 23. a5 Rb8 24. exd6 Bxd3 25. d7 Nf6 26. Rbe1 Rxb2 27. Bg5 Nxd7 28. Rf2 Nc5 29. Be7 Rc8 30. e5 Ne6 31. Bd5 Rcc2 32. Bxe6 fxe6 33. Ref1 Rxe2 0-1

[Event "Medellin Antioquia-ch"]
[Site "Medellin"]
[Date "2024.05.01"]
[Round "1"]
[White "Gomez Lopez, Brayan"]
[Black "Ramirez Montoya, Jorge A"]
[Result "0-1"]
[WhiteElo "1579"]
[BlackElo "1825"]
[PlyCount "66"]
[EventDate "2024.05.01"]
[EventType "swiss"]
[EventRounds "7"]
[EventCountry "COL"]
[SourceTitle "CB20_2024"]
[SourceDate "2024.05.16"]
[SourceVersion "1"]
[SourceVersionDate "2024.05.16"]
[SourceQuality "1"]

1. d4 Nf6 2. Nf3 g6 3. Bf4 Bg7 4. e3 0-0 5. c4 d6 6. Nbd2 Bf5 7. Qb3 Nbd7 8. Be2 Nh5 9. h3 Nxf4 10. exf4 c5 11. g4 cxd4 12. gxf5 Nc5 13. Qc2 e5 14. b4 d3 15. Bxd3 Nxd3+ 16. Qxd3 e4 17. Nxe4 Bxa1 18. f6 Re8 19. 0-0 Bxf6 20. Nxd6 Re6 21. c5 Qe7 22. f5 Re2 23. a3 Rd8 24. Qc4 Rd7 25. Kh1 gxf5 26. Qf4 Be5 27. Nxe5 Qxe5 28. Rg1+ Kf8 29. Qh6+ Ke7 30. Qh5 Qd5+ 31. f3 Ke6 32. Qh6+ f6 33. Rf1 Qe5 0-1

[Event "Iberoamerican-ch 9th"]
[Site "Panama City"]
[Date "2023.11.30"]
[Round "7"]
[White "Pastor Carvajal, Jeigoth"]
[Black "Ramirez Montoya, Jorge A"]
[Result "0-1"]
[WhiteElo "1985"]
[BlackElo "1705"]
[PlyCount "121"]
[EventDate "2023.11.25"]
[EventType "swiss"]
[EventRounds "9"]
[EventCountry "PAN"]
[SourceTitle "CB49_2023"]
[SourceDate "2023.12.06"]
[SourceVersion "1"]
[SourceVersionDate "2023.12.06"]
[SourceQuality "1"]

1. e4 c5 2. Nc3 g6 3. Bc4 Bg7 4. Qf3 Nh6 5. d3 0-0 6. Nge2 Nc6 7. Qg3 Nb4 8. Bb3 d6 9. Qh4 Ng4 10. h3 Nf6 11. a3 Nc6 12. 0-0 Be6 13. Bxe6 fxe6 14. f4 Nh5 15. g4 Bf6 16. Qe1 Ng7 17. g5 Bd4+ 18. Nxd4 Nxd4 19. Qd1 e5 20. Nd5 exf4 21. Nxf4 Qd7 22. c3 Nc6 23. Be3 e5 24. Qb3+ Kh8 25. Ng2 Na5 26. Qd5 Ne6 27. h4 Nc7 28. Qa2 Qg4 29. Rf7 Ne6 30. Raf1 Rxf7 31. Rxf7 c4 32. Qb1 Kg8 33. Rf6 Rf8 34. Rxf8+ Kxf8 35. d4 Nf4 36. Qf1 Qxg2+ 37. Qxg2 Nxg2 38. Kxg2 exd4 39. cxd4 Ke7 40. Kf3 a6 41. d5 b5 42. Kf4 Nb3 43. e5 a5 44. Ke4 b4 45. axb4 axb4 46. exd6+ Kxd6 47. Bf4+ Kd7 48. Ke5 Nc5 49. Kf6 Nd3 50. Be3 c3 51. Bd4 Nxb2 52. Kg7 Nc4 53. Kxh7 c2 54. Kxg6 c1Q 55. h5 Qc2+ 56. Kh6 Qd2 57. Bf6 Nd6 58. Kh7 Ne4 59. Kg6 Nxf6 60. Kxf6 Qf4+ 61. Kg6 0-1

[Event "Medellin Flores op 30th"]
[Site "Medellin"]
[Date "2023.08.04"]
[Round "2"]
[White "Torres Puentes, Camila"]
[Black "Ramirez Montoya, Jorge A"]
[Result "1-0"]
[WhiteElo "1439"]
[BlackElo "1737"]
[PlyCount "33"]
[EventDate "2023.08.03"]
[EventType "swiss"]
[EventRounds "9"]
[EventCountry "COL"]
[SourceTitle "EXT 2024"]
[Source "ChessBase"]
[SourceDate "2023.10.10"]
[SourceVersion "1"]
[SourceVersionDate "2023.10.10"]
[SourceQuality "1"]

1. e4 c5 2. Nf3 g6 3. d4 cxd4 4. Nxd4 Bg7 5. Be3 Nf6 6. Nc3 d5 7. exd5 Nxd5 8. Bb5+ Kf8 9. Qd2 Nc7 10. 0-0-0 e5 11. Ne6+ Nxe6 12. Bc5+ Kg8 13. Qxd8+ Nxd8 14. Rxd8+ Bf8 15. Rxc8 Kg7 16. Rxf8 Rxf8 17. Bxf8+ 1-0

[Event "Sabaneta op-B 2nd"]
[Site "Sabaneta Antioquia"]
[Date "2023.07.03"]
[Round "8"]
[White "Zapata Sanchez, Juan Jose"]
[Black "Ramirez Montoya, Jorge A"]
[Result "1-0"]
[WhiteElo "1346"]
[BlackElo "1773"]
[PlyCount "71"]
[EventDate "2023.06.28"]
[EventType "swiss"]
[EventRounds "9"]
[EventCountry "COL"]
[SourceTitle "EXT 2024"]
[Source "ChessBase"]
[SourceDate "2023.10.10"]
[SourceVersion "1"]
[SourceVersionDate "2023.10.10"]
[SourceQuality "1"]

1. d4 g6 2. Bf4 Nf6 3. e3 Bg7 4. Nf3 Nh5 5. Bg5 h6 6. Bh4 g5 7. Bg3 Nxg3 8. hxg3 c5 9. c3 Qb6 10. Qc2 Nc6 11. Nxg5 cxd4 12. exd4 Nxd4 13. cxd4 Qxd4 14. Nxf7 Rf8 15. Nc3 Rxf7 16. Bd3 Qe5+ 17. Be2 d6 18. 0-0 Bf5 19. Qd2 Bd7 20. Rae1 Qa5 21. Bc4 Bxc3 22. Bxf7+ Kxf7 23. bxc3 Qg5 24. Re3 Bc6 25. Rfe1 Re8 26. Qd3 Kf8 27. Qh7 h5 28. c4 e5 29. f4 Qg4 30. fxe5 Rxe5 31. Rxe5 dxe5 32. Qh8+ Kf7 33. Qxe5 a6 34. Rf1+ Kg8 35. Qb8+ Kh7 36. Rf7+ 1-0

[Event "Sabaneta op-B 1st"]
[Site "Sabaneta"]
[Date "2022.11.28"]
[Round "5"]
[White "Osorio Ruiz, Juan Carlos"]
[Black "Ramirez Montoya, Jorge A"]
[Result "0-1"]
[WhiteElo "1404"]
[BlackElo "1790"]
[PlyCount "38"]
[EventDate "2022.11.25"]
[EventType "swiss"]
[EventRounds "8"]
[EventCountry "COL"]
[SourceTitle "CBM 211 Extra"]
[Source "ChessBase"]
[SourceDate "2023.01.31"]
[SourceVersion "1"]
[SourceVersionDate "2023.01.31"]
[SourceQuality "1"]

1. e4 d5 2. exd5 Qxd5 3. Nf3 Bg4 4. Be2 Nc6 5. Nc3 Qh5 6. d4 0-0-0 7. Be3 Nf6 8. h3 e5 9. Qd2 Bb4 10. 0-0 exd4 11. Nxd4 Bxe2 12. Qxe2 Nxd4 13. Qc4 Bxc3 14. bxc3 b5 15. Qb4 Nxc2 16. Qa5 Nxa1 17. Rxa1 Rd1+ 18. Rxd1 Qxd1+ 19. Kh2 Qa4 0-1

[Event "Sabaneta op-B 1st"]
[Site "Sabaneta"]
[Date "2022.11.27"]
[Round "4"]
[White "Ramirez Montoya, Jorge A"]
[Black "Jimenez Jaramillo, Jhoyner"]
[Result "0-1"]
[WhiteElo "1790"]
[BlackElo "1600"]
[PlyCount "44"]
[EventDate "2022.11.25"]
[EventType "swiss"]
[EventRounds "8"]
[EventCountry "COL"]
[SourceTitle "CBM 211 Extra"]
[Source "ChessBase"]
[SourceDate "2023.01.31"]
[SourceVersion "1"]
[SourceVersionDate "2023.01.31"]
[SourceQuality "1"]

1. e4 c5 2. Nf3 d6 3. d4 cxd4 4. Nxd4 Nf6 5. Nc3 a6 6. Bc4 e6 7. 0-0 Be7 8. Be3 0-0 9. f3 Bd7 10. Qd2 Nc6 11. Rad1 b5 12. Bb3 b4 13. Na4 a5 14. Nb5 Ne8 15. Bc5 Nd4 16. Nxd6 Nxb3 17. axb3 Bxa4 18. bxa4 Qc7 19. Qd4 Rc8 20. Nxe8 Qxc5 21. Qxc5 Bxc5+ 22. Kh1 Rfxe8 0-1

[Event "COL-ch Amateur U2000"]
[Site "Paipa"]
[Date "2020.02.29"]
[Round "7"]
[White "Ramirez, Francisco Javier"]
[Black "Ramirez Montoya, Jorge A"]
[Result "0-1"]
[WhiteElo "1934"]
[BlackElo "1818"]
[PlyCount "78"]
[EventDate "2020.02.26"]
[EventType "swiss"]
[EventRounds "9"]
[EventCountry "COL"]
[SourceTitle "CBM 195 Extra"]
[Source "ChessBase"]
[SourceDate "2020.05.31"]
[SourceVersion "1"]
[SourceVersionDate "2020.05.31"]
[SourceQuality "1"]

1. e4 e5 2. Nf3 Nc6 3. Bb5 a6 4. Ba4 b5 5. Bb3 Nf6 6. 0-0 Be7 7. Re1 0-0 8. c3 d5 9. exd5 Nxd5 10. d3 Nf6 11. Bg5 Bg4 12. h3 Bh5 13. g4 Bg6 14. Nxe5 Nxe5 15. Rxe5 Bd6 16. Re3 h6 17. Bh4 Bf4 18. Rf3 Qd6 19. Bg3 Bxg3 20. Rxg3 Rad8 21. Bc2 h5 22. Nd2 hxg4 23. hxg4 Qf4 24. Nf1 Ne4 25. Qf3 Nxg3 26. Qxg3 Qxg3+ 27. Nxg3 Bxd3 28. Bd1 Rfe8 29. Bf3 Bc2 30. Kg2 Rd2 31. b3 Rd3 32. c4 bxc4 33. bxc4 Rc3 34. Bc6 Re5 35. Bd5 Bd3 36. f4 Re3 37. Kf2 Rxg3 38. Kxg3 Bxc4+ 39. Bf3 Be2 0-1

[Event "Medellin Aristizabal Cup"]
[Site "Medellin"]
[Date "2020.02.02"]
[Round "7"]
[White "Ruiz Agudelo, Jeronimo"]
[Black "Ramirez Montoya, Jorge A"]
[Result "1/2-1/2"]
[WhiteElo "1373"]
[BlackElo "1818"]
[PlyCount "71"]
[EventDate "2020.01.29"]
[EventType "swiss"]
[EventRounds "7"]
[EventCountry "COL"]
[SourceTitle "CBM 194 Extra"]
[Source "ChessBase"]
[SourceDate "2020.03.31"]
[SourceVersion "1"]
[SourceVersionDate "2020.03.31"]
[SourceQuality "1"]

1. e4 c5 2. Nf3 g6 3. d4 cxd4 4. Nxd4 Bg7 5. c4 Nc6 6. Be3 Nf6 7. Nc3 0-0 8. Be2 d6 9. 0-0 Ne5 10. f3 b6 11. Qd2 Bb7 12. b3 e6 13. Rad1 d5 14. cxd5 exd5 15. exd5 Nxd5 16. Nxd5 Qxd5 17. Nb5 Qxd2 18. Rxd2 Nc6 19. Bf2 Bh6 20. Rd7 Na5 21. b4 Bc6 22. Rxa7 Bxb5 23. Rxa8 Bxe2 24. Rxf8+ Bxf8 25. Re1 Bc4 26. bxa5 bxa5 27. Re8 Kg7 28. Ra8 Bb4 29. Bb6 Bd5 30. Ra6 Bc4 31. Ra8 Bd5 32. Bd4+ Kh6 33. Be3+ Kg7 34. Bd4+ Kh6 35. Be3+ Kg7 36. Bd4+ 1/2-1/2

[Event "Medellin Aristizabal Cup"]
[Site "Medellin"]
[Date "2020.02.01"]
[Round "4"]
[White "Ramirez Montoya, Jorge A"]
[Black "Gil Jaramillo, Miguel Angel"]
[Result "1-0"]
[WhiteElo "1818"]
[BlackElo "1154"]
[PlyCount "43"]
[EventDate "2020.01.29"]
[EventType "swiss"]
[EventRounds "7"]
[EventCountry "COL"]
[SourceTitle "CBM 194 Extra"]
[Source "ChessBase"]
[SourceDate "2020.03.31"]
[SourceVersion "1"]
[SourceVersionDate "2020.03.31"]
[SourceQuality "1"]

1. e4 e5 2. Nf3 Nc6 3. Bc4 Nf6 4. d4 Bd6 5. dxe5 Bxe5 6. Nxe5 Nxe5 7. Bb3 0-0 8. 0-0 d6 9. Bg5 Qe7 10. f4 Nc6 11. Nc3 Be6 12. Nd5 Bxd5 13. exd5 Na5 14. Qd4 Rae8 15. Rae1 Qd8 16. Ba4 Rxe1 17. Rxe1 c5 18. Bxf6 gxf6 19. Qe4 Qb6 20. c3 Qxb2 21. Bc2 Qxc3 22. Qxh7# 1-0

[Event "Medellin Aristizabal Cup"]
[Site "Medellin"]
[Date "2016.05.21"]
[Round "5"]
[White "Castrillon Gomez, Melissa"]
[Black "Ramirez Montoya, Jorge A"]
[Result "1-0"]
[WhiteElo "2222"]
[BlackElo "1912"]
[PlyCount "45"]
[EventDate "2016.05.18"]
[EventType "swiss"]
[EventRounds "7"]
[EventCountry "COL"]
[SourceTitle "CBM 172 Extra"]
[Source "ChessBase"]
[SourceDate "2016.06.21"]
[SourceVersion "1"]
[SourceVersionDate "2016.06.21"]
[SourceQuality "1"]

1. e4 e5 2. Nf3 Nc6 3. Bb5 a6 4. Ba4 Nf6 5. 0-0 b5 6. Bb3 Be7 7. d4 d6 8. dxe5 dxe5 9. Bd5 Nxd5 10. exd5 Nb4 11. Nc3 Bb7 12. Nxe5 Nxd5 13. Qh5 g6 14. Qf3 0-0 15. Bh6 Nxc3 16. Qxb7 Ne2+ 17. Kh1 Bd6 18. Bxf8 Bxe5 19. Be7 Qe8 20. Rae1 Rb8 21. Qd5 Qxe7 22. Rxe2 Re8 23. f4 1-0

[Event "Medellin Segunda Antioquia op"]
[Site "Medellin"]
[Date "2016.04.15"]
[Round "3.4"]
[White "Ramirez Montoya, Jorge A"]
[Black "Uribe Valencia, Victor Alexis"]
[Result "1/2-1/2"]
[WhiteElo "1888"]
[BlackElo "1847"]
[PlyCount "81"]
[EventDate "2016.04.13"]
[EventType "swiss"]
[EventRounds "7"]
[EventCountry "COL"]
[SourceTitle "EXT 2024"]
[Source "ChessBase"]
[SourceDate "2023.10.10"]
[SourceVersion "1"]
[SourceVersionDate "2023.10.10"]
[SourceQuality "1"]

1. e4 c5 2. Nf3 Nc6 3. d4 cxd4 4. Nxd4 Nf6 5. Nc3 e5 6. Ndb5 d6 7. Nd5 Nxd5 8. exd5 Ne7 9. c4 Ng6 10. Be3 a6 11. Nc3 Be7 12. Bd3 0-0 13. 0-0 f5 14. Na4 f4 15. Bxg6 hxg6 16. Bb6 Qe8 17. b4 Bd7 18. Nc3 Bd8 19. Bxd8 Qxd8 20. c5 Bf5 21. Na4 e4 22. Nb6 f3 23. g3 Qg5 24. Qc1 Qg4 25. Kh1 Qh3 26. Rg1 Rae8 27. Nc4 dxc5 28. bxc5 Bd7 29. Qg5 Rf5 30. Qh4 Rxd5 31. Qxh3 Bxh3 32. Rge1 Rxc5 33. Nd6 Re7 34. Rxe4 Rxe4 35. Nxe4 Re5 36. Nd2 Re2 37. Nxf3 Rxf2 38. Ne5 Be6 39. Kg1 Rxa2 40. Rxa2 Bxa2 41. Nxg6 1/2-1/2

[Event "Medellin Navideno op"]
[Site "Medellin"]
[Date "2015.12.13"]
[Round "7"]
[White "Rozo, Claudia Magally"]
[Black "Ramirez Montoya, Jorge A"]
[Result "0-1"]
[WhiteElo "1701"]
[BlackElo "1876"]
[PlyCount "104"]
[EventDate "2015.12.10"]
[EventType "swiss"]
[EventRounds "7"]
[EventCountry "COL"]
[SourceTitle "CBM 169 Extra"]
[Source "ChessBase"]
[SourceDate "2015.12.18"]
[SourceVersion "1"]
[SourceVersionDate "2015.12.18"]
[SourceQuality "1"]

1. d4 Nf6 2. Nf3 g6 3. Bf4 Bg7 4. Nbd2 0-0 5. e4 d6 6. h3 Nbd7 7. Bd3 e5 8. Bg5 h6 9. Bh4 g5 10. dxe5 dxe5 11. Bg3 Nh5 12. Bc4 Nxg3 13. fxg3 Nb6 14. Bb3 Bd7 15. 0-0 Na4 16. Qe2 Nc5 17. Bc4 c6 18. a4 Ne6 19. c3 Qb6+ 20. Kh2 Qxb2 21. Qd3 Nc5 22. Qe3 Nxa4 23. Rxa4 Qb6 24. Qxb6 axb6 25. Rxa8 Rxa8 26. Rb1 b5 27. Bb3 Kf8 28. g4 f6 29. Nf1 Ke8 30. Ne3 Bf8 31. c4 bxc4 32. Nxc4 Bc5 33. Kg3 b5 34. Ncd2 Ra3 35. Ne1 Be7 36. Nc2 Ra5 37. Kf3 c5 38. Bd5 c4 39. Ke2 Ra4 40. Ra1 Rxa1 41. Nxa1 Bc5 42. Nc2 Ke7 43. Nb1 Kd6 44. Kd2 Bd4 45. Nba3 Kc5 46. Kc1 Bc8 47. Kd2 Ba6 48. Nb1 b4 49. Ne1 b3 50. Nf3 Kb4 51. Kc1 c3 52. Ne1 Be2 0-1

[Event "Medellin Segunda Categoria Antioquia"]
[Site "Medellin"]
[Date "2015.04.??"]
[Round "7.3"]
[White "Martinez, Mauricio"]
[Black "Ramirez Montoya, Jorge A"]
[Result "1-0"]
[WhiteElo "1963"]
[BlackElo "1823"]
[PlyCount "127"]
[EventDate "2015.04.14"]
[EventType "swiss"]
[EventRounds "7"]
[EventCountry "COL"]
[SourceTitle "EXT 2024"]
[Source "ChessBase"]
[SourceDate "2023.10.10"]
[SourceVersion "1"]
[SourceVersionDate "2023.10.10"]
[SourceQuality "1"]

1. e4 d5 2. Nc3 d4 3. Nb1 Nc6 4. Bb5 Bd7 5. d3 e5 6. Nd2 a6 7. Bxc6 Bxc6 8. Nc4 Qf6 9. Qf3 b5 10. Qxf6 gxf6 11. Na5 Bd7 12. f4 c5 13. fxe5 fxe5 14. Nf3 f6 15. Bd2 Be6 16. 0-0 c4 17. Nh4 Rc8 18. dxc4 bxc4 19. Nf5 Bc5 20. Kh1 Rc7 21. a3 Bxf5 22. Rxf5 Kf7 23. Raf1 Ke6 24. g3 Bb6 25. Bb4 c3 26. b3 h5 27. Nc4 Rxc4 28. bxc4 a5 29. Bf8 Bd8 30. Rb1 Ne7 31. Bg7 Nxf5 32. exf5+ Kxf5 33. Bxh8 Be7 34. Rf1+ Kg6 35. a4 e4 36. c5 Bxc5 37. Bxf6 e3 38. Bxd4 Bxd4 39. Kg2 Kg5 40. h3 h4 41. gxh4+ Kh5 42. Rf5+ Kg6 43. Rf1 Kh5 44. Kf3 Kxh4 45. Rd1 Bc5 46. Rd5 Bb4 47. Rd7 Bc5 48. Rh7+ Kg5 49. Ke2 Bd4 50. Rd7 Bb6 51. Rd3 Kh4 52. Rxc3 Kxh3 53. Rxe3+ Kg4 54. Re8 Kf5 55. Kd3 Kf6 56. Kc4 Kf7 57. Re2 Bc7 58. Kb5 Kf8 59. c4 Bd8 60. Kc6 Be7 61. Kd7 Bb4 62. Rf2+ Kg7 63. Kc6 Be1 64. Re2 1-0

[Event "Antioquia op"]
[Site "Medellin"]
[Date "2014.04.07"]
[Round "7"]
[White "Ramirez Montoya, Jorge A"]
[Black "Zuluaga, Miryam"]
[Result "1-0"]
[WhiteElo "1788"]
[BlackElo "1663"]
[PlyCount "91"]
[EventDate "2014.04.03"]
[EventType "swiss"]
[EventRounds "7"]
[EventCountry "COL"]
[SourceTitle "CBM 159 Extra"]
[Source "ChessBase"]
[SourceDate "2014.04.24"]
[SourceVersion "1"]
[SourceVersionDate "2014.04.24"]
[SourceQuality "1"]

1. e4 e5 2. Nf3 Nc6 3. Bc4 Nf6 4. d4 exd4 5. 0-0 Nxe4 6. Re1 d5 7. Bxd5 Qxd5 8. Nc3 Qa5 9. Rxe4+ Be6 10. Nxd4 0-0-0 11. Be3 Nxd4 12. Rxd4 Bd6 13. Qf3 Qe5 14. g3 Qf5 15. Qxf5 Bxf5 16. Nb5 a6 17. Nxd6+ Rxd6 18. Rxd6 cxd6 19. Rd1 Rd8 20. c4 Be6 21. Bb6 Rd7 22. a4 h5 23. Rd4 g6 24. b4 Bf5 25. a5 Be6 26. Kg2 d5 27. c5 Re7 28. f3 Kd7 29. h4 Kc6 30. Bd8 Re8 31. Bg5 Bf5 32. g4 hxg4 33. fxg4 Be6 34. Rf4 Rc8 35. Kf3 Rc7 36. h5 gxh5 37. gxh5 f5 38. h6 Rh7 39. Rh4 Kb5 40. Bd2 Kc6 41. Kf4 Kd7 42. Kg5 Ke7 43. Kg6 Rf7 44. Bg5+ Kd7 45. h7 Rxh7 46. Rxh7+ 1-0

[Event "Medellin de Segunda Cat. Antioquia"]
[Site "Medellin"]
[Date "2014.03.28"]
[Round "7.11"]
[White "Agudelo Rodriguez, Carmen Emilia"]
[Black "Ramirez Montoya, Jorge A"]
[Result "0-1"]
[WhiteElo "1617"]
[BlackElo "1794"]
[PlyCount "40"]
[EventDate "2014.03.19"]
[EventType "swiss"]
[EventRounds "7"]
[EventCountry "COL"]
[SourceTitle "EXT 2024"]
[Source "ChessBase"]
[SourceDate "2023.10.10"]
[SourceVersion "1"]
[SourceVersionDate "2023.10.10"]
[SourceQuality "1"]

1. e4 e5 2. Nf3 Nc6 3. Bb5 a6 4. Ba4 b5 5. Bb3 Nf6 6. 0-0 Be7 7. Re1 0-0 8. h3 d5 9. exd5 Nxd5 10. d4 exd4 11. Nxd4 Nxd4 12. Qxd4 Be6 13. c3 c5 14. Qd1 c4 15. Bc2 Qc7 16. Qf3 Rad8 17. Nd2 b4 18. cxb4 Bxb4 19. a3 c3 20. axb4 cxd2 0-1

[Event "Medellin de Segunda Cat. Antioquia"]
[Site "Medellin"]
[Date "2014.03.27"]
[Round "6.16"]
[White "Ramirez Montoya, Jorge A"]
[Black "Ruiz Agudelo, Santiago"]
[Result "1-0"]
[WhiteElo "1794"]
[BlackElo "1725"]
[PlyCount "47"]
[EventDate "2014.03.19"]
[EventType "swiss"]
[EventRounds "7"]
[EventCountry "COL"]
[SourceTitle "EXT 2024"]
[Source "ChessBase"]
[SourceDate "2023.10.10"]
[SourceVersion "1"]
[SourceVersionDate "2023.10.10"]
[SourceQuality "1"]

1. e4 e6 2. d4 d5 3. exd5 exd5 4. Nf3 Nc6 5. Nc3 Bb4 6. Be2 Nge7 7. 0-0 Bg4 8. Bg5 f6 9. Bh4 Qd7 10. a3 Bd6 11. Re1 0-0-0 12. b4 g5 13. Bg3 Bxg3 14. fxg3 h5 15. h3 Bxh3 16. gxh3 Qxh3 17. Kf2 Nf5 18. Rg1 g4 19. Bf1 Qxf1+ 20. Rxf1 gxf3 21. Qxf3 Ncxd4 22. Qd3 Rhe8 23. Rae1 Rg8 24. Ne2 1-0

[Event "Medellin de Segunda Cat. Antioquia"]
[Site "Medellin"]
[Date "2014.03.19"]
[Round "1.7"]
[White "Romero, Daniela"]
[Black "Ramirez Montoya, Jorge A"]
[Result "0-1"]
[WhiteElo "1936"]
[BlackElo "1794"]
[PlyCount "42"]
[EventDate "2014.03.19"]
[EventType "swiss"]
[EventRounds "7"]
[EventCountry "COL"]
[SourceTitle "EXT 2024"]
[Source "ChessBase"]
[SourceDate "2023.10.10"]
[SourceVersion "1"]
[SourceVersionDate "2023.10.10"]
[SourceQuality "1"]

1. e4 e5 2. Nf3 Nc6 3. Bb5 a6 4. Ba4 b5 5. Bb3 Nf6 6. 0-0 Be7 7. Re1 0-0 8. c3 d5 9. exd5 Nxd5 10. Nxe5 Nxe5 11. Rxe5 Nf6 12. d4 Bd6 13. Re1 Ng4 14. h3 Qh4 15. Qf3 Nxf2 16. Qxf2 Bh2+ 17. Kf1 Bg3 18. Qe2 Bxh3 19. Bd5 Bg4 20. Qe3 Rae8 21. Bf3 Qh1+ 0-1